Cooperativismo

Gardado en:
Detalles Bibliográficos
Autor Principal: Bolaños Alfaro, Claudio
Formato: Texto
Publicado: San José: MCJD. DINADECO
Etiquetas: Engadir etiqueta
Sen Etiquetas, Sexa o primeiro en etiquetar este rexistro!

MARC

LEADER 00000 a a2200000 04500
001 14192
003
040
090 |a 020700  
100 |a Bolaños Alfaro, Claudio  
245 |a Cooperativismo  
260 |a San José:   |b MCJD. DINADECO  
300 |a 14 p.  
999 |c 9954  |d 9954